000 00657nam a2200253Ia 4500
003 OSt
005 20221005090659.0
006 a|||||r|||| 00| 0
007 ta
008 221004b |||||||| |||| 00| 0 eng d
024 _a28308
037 _cTextual
040 _aCRL
_cCRL
_beng
041 _2eng
_aeng
082 _aEg, L9;M5
100 _aDean John A Ed.
_9510049
245 0 _aLange's handbook of chemistry
250 _a13th
260 _aNew York
_bMcGraw-Hill USA
_c1985
300 _aVarious paginations
_ccm.
650 _aCHEMISTRY
942 _hEg, L9;M5
_cTEXL
_2cc
999 _c996212
_d996212